[Event "Novorossiysk Small Land op"]
[Site "Novorossiysk"]
[Date "2022.07.23"]
[Round "3"]
[White "Lintchevski, Daniil"]
[Black "Rjabzev, Konstantin"]
[Result "1/2-1/2"]
[WhiteElo "2556"]
[BlackElo "2258"]
[PlyCount "153"]
[EventDate "2022.07.21"]
[EventType "swiss"]
[EventRounds "9"]
[EventCountry "RUS"]
[SourceTitle "CBM 209 Extra"]
[Source "ChessBase"]
[SourceDate "2022.09.30"]
[SourceVersion "1"]
[SourceVersionDate "2022.09.30"]
[SourceQuality "1"]

1. e4 e5 2. Nf3 Nc6 3. d4 exd4 4. Nxd4 Bc5 5. Nxc6 Qf6 6. Qf3 Qxf3 7. gxf3 dxc6 8. Be3 Bxe3 9. fxe3 Be6 10. Nd2 0-0-0 11. Bc4 Re8 12. Ke2 Bxc4+ 13. Nxc4 Re6 14. h4 Ne7 15. Rag1 Rg8 16. h5 f5 17. Nd2 fxe4 18. Nxe4 Nf5 19. Rg5 Rf8 20. Rhg1 h6 21. R5g4 Re5 22. Rd1 b6 23. b4 Rfe8 24. Kf2 a5 25. a3 R8e7 26. Rd3 axb4 27. axb4 R7e6 28. c4 Re7 29. Rg1 Rd7 30. Ra3 Kd8 31. Rg6 Rd1 32. Ng3 Rd2+ 33. Ke1 Rg2 34. Nxf5 Rxg6 35. Ra8+ Kd7 36. hxg6 Rxf5 37. Rg8 Rxf3 38. Rxg7+ Kd6 39. Ke2 Rg3 40. Kf2 Rg5 41. Kf3 Ke5 42. Re7+ Kd6 43. Rg7 Ke5 44. e4 h5 45. Re7+ Kd6 46. Rh7 Rxg6 47. Rxh5 Rg1 48. c5+ bxc5 49. bxc5+ Ke6 50. Ke3 Re1+ 51. Kd3 Rd1+ 52. Ke2 Ra1 53. Kd3 Rd1+ 54. Kc3 Rc1+ 55. Kd2 Ra1 56. Kc3 Rc1+ 57. Kb3 Rb1+ 58. Kc2 Re1 59. Kd3 Rd1+ 60. Ke2 Ra1 61. Kf3 Rf1+ 62. Kg3 Rg1+ 63. Kf2 Ra1 64. Ke2 Rb1 65. Rg5 Ra1 66. Kd3 Rd1+ 67. Kc3 Rc1+ 68. Kd2 Ra1 69. Kc2 Re1 70. Rg6+ Ke5 71. Rxc6 Rxe4 72. Kd3 Kd5 73. Rxc7 Rd4+ 74. Kc3 Rc4+ 75. Kd3 Rxc5 76. Rh7 Kc6 77. Ke4 1/2-1/2

[Event "RUS-chT Blitz"]
[Site "Sochi"]
[Date "2021.10.14"]
[Round "1.2"]
[White "Rjabzev, Konstantin"]
[Black "Timofeev, Artyom"]
[Result "0-1"]
[WhiteElo "2258"]
[BlackElo "2586"]
[PlyCount "98"]
[EventDate "2021.10.14"]
[EventType "team-swiss (blitz)"]
[EventRounds "13"]
[EventCountry "RUS"]
[SourceTitle "CBM 204 Extra"]
[Source "ChessBase"]
[SourceDate "2021.11.30"]
[SourceVersion "1"]
[SourceVersionDate "2021.11.30"]
[SourceQuality "1"]
[WhiteTeam "Novorossiysk"]
[BlackTeam "Tatarstan Ladya"]
[WhiteTeamCountry "RUS"]
[BlackTeamCountry "RUS"]

1. e4 d6 2. d4 Nf6 3. Bd3 e5 4. dxe5 dxe5 5. Nf3 Nbd7 6. 0-0 Bc5 7. h3 0-0 8. Bg5 h6 9. Bh4 Re8 10. Nbd2 c6 11. c3 Nf8 12. Nb3 Bd6 13. a4 Ng6 14. Bg3 Nh5 15. Bh2 Nhf4 16. Bc4 Qf6 17. Re1 Rd8 18. Be2 Bc7 19. Qc2 a5 20. Rad1 Rxd1 21. Rxd1 Bb6 22. c4 Be6 23. Nc1 Re8 24. c5 Bc7 25. Nd3 Nxe2+ 26. Qxe2 Bb3 27. Rd2 Bxa4 28. Nc1 Rd8 29. b3 Bb5 30. Qd1 Rxd2 31. Qxd2 Qe7 32. b4 a4 33. Qc3 f6 34. h4 h5 35. Bg3 Qe6 36. Nd2 Nf8 37. Qf3 Qf7 38. Qf5 Ne6 39. Qf3 Nd4 40. Qa3 b6 41. cxb6 Bxb6 42. Na2 Ne2+ 43. Kh2 Qd7 44. Nf3 Qd3 45. Qb2 Nxg3 46. Kxg3 a3 47. Qc1 Qxe4 48. Qxa3 Qf4+ 49. Kh3 Bxf2 0-1

[Event "Malaya Zemlya Rapid op"]
[Site "Novorossiysk"]
[Date "2021.07.10"]
[Round "4"]
[White "Smirnov, Pavel"]
[Black "Rjabzev, Konstantin"]
[Result "1-0"]
[WhiteElo "2544"]
[BlackElo "2258"]
[PlyCount "127"]
[EventDate "2021.07.10"]
[EventType "swiss (rapid)"]
[EventRounds "9"]
[EventCountry "RUS"]
[SourceTitle "CBM 203 Extra"]
[Source "ChessBase"]
[SourceDate "2021.09.30"]
[SourceVersion "1"]
[SourceVersionDate "2021.09.30"]
[SourceQuality "1"]

1. d4 d5 2. c4 e6 3. Nf3 Nf6 4. Nc3 Be7 5. Bf4 0-0 6. e3 c5 7. dxc5 Bxc5 8. Rc1 Nc6 9. Be2 d4 10. exd4 Nxd4 11. 0-0 Nxe2+ 12. Qxe2 a6 13. Rfd1 Qe8 14. Ne5 Be7 15. b3 Bd7 16. Nxd7 Nxd7 17. Ne4 Nf6 18. Nxf6+ Bxf6 19. Bd6 Be7 20. c5 Rc8 21. Qf3 Bxd6 22. Rxd6 Qe7 23. Qd3 Rfd8 24. Rc4 g6 25. g3 h5 26. a4 Qf6 27. Kg2 Qe7 28. h4 Qf6 29. b4 Qe7 30. b5 axb5 31. axb5 Kh7 32. Rf4 Rxd6 33. cxd6 Qd7 34. Qd4 Kg8 35. Qe5 b6 36. Rd4 Rc5 37. Qf6 Rc8 38. Qe5 Rc5 39. Qf6 Rc8 40. Qe7 Rd8 41. Qxd7 Rxd7 42. f4 Kf8 43. Kf3 Ke8 44. Ke4 Ra7 45. Ke5 Ra3 46. d7+ Kd8 47. Kf6 Rxg3 48. Kxf7 Re3 49. Kf6 Re2 50. Rd6 Re4 51. Kxg6 Rxf4 52. Kxh5 Rf5+ 53. Kg6 Rxb5 54. h5 Rb1 55. h6 Rg1+ 56. Kf7 Rh1 57. Rxe6 Kxd7 58. Rxb6 Rf1+ 59. Rf6 Rh1 60. Kg7 Ke7 61. Rg6 Rf1 62. h7 Rf7+ 63. Kh6 Rf8 64. Rg8 1-0

[Event "Malaya Zemlya Blitz op"]
[Site "Novorossiysk"]
[Date "2021.07.09"]
[Round "10"]
[White "Smirnov, Pavel"]
[Black "Rjabzev, Konstantin"]
[Result "1-0"]
[WhiteElo "2544"]
[BlackElo "2258"]
[PlyCount "97"]
[EventDate "2021.07.09"]
[EventType "swiss (blitz)"]
[EventRounds "13"]
[EventCountry "RUS"]
[SourceTitle "CBM 203 Extra"]
[Source "ChessBase"]
[SourceDate "2021.09.30"]
[SourceVersion "1"]
[SourceVersionDate "2021.09.30"]
[SourceQuality "1"]

1. d4 d5 2. c4 e6 3. Nf3 Nf6 4. Nc3 Be7 5. Bf4 0-0 6. e3 Nbd7 7. Be2 c5 8. dxc5 Nxc5 9. 0-0 dxc4 10. Bxc4 a6 11. Ne5 Ncd7 12. Be2 Nxe5 13. Qxd8 Rxd8 14. Bxe5 Bd7 15. Bf3 Bc6 16. Bxc6 bxc6 17. Rac1 Nd7 18. Bc7 Rdc8 19. Bg3 e5 20. Rfd1 Ra7 21. Ne4 f6 22. Nd6 Bxd6 23. Rxd6 c5 24. e4 c4 25. f3 Rb7 26. b3 c3 27. Be1 c2 28. Ba5 Rc5 29. Be1 Kf7 30. Rxa6 Rbc7 31. Rd6 Nb8 32. Kf1 Nc6 33. Bf2 Rc3 34. Be1 Rc5 35. Rd5 Nd4 36. Rxc5 Rxc5 37. Bf2 Ke6 38. Ke1 Rc3 39. Bxd4 exd4 40. Kd2 Rc7 41. Rxc2 Ra7 42. Kd3 Rd7 43. Rc4 Ra7 44. a4 Rb7 45. b4 Ke5 46. Rxd4 Rc7 47. Rd5+ Ke6 48. a5 Rc1 49. a6 1-0

[Event "Dvorkovich Memorial op"]
[Site "Taganrog"]
[Date "2018.01.21"]
[Round "7"]
[White "Triapishko, Alexandr"]
[Black "Rjabzev, Konstantin"]
[Result "1-0"]
[WhiteElo "2531"]
[BlackElo "2274"]
[PlyCount "69"]
[EventDate "2018.01.15"]
[EventType "swiss"]
[EventRounds "9"]
[EventCountry "RUS"]
[SourceTitle "CBM 182 Extra"]
[Source "ChessBase"]
[SourceDate "2018.02.23"]
[SourceVersion "1"]
[SourceVersionDate "2018.02.23"]
[SourceQuality "1"]

1. c4 e6 2. Nf3 d5 3. g3 Nf6 4. Bg2 Be7 5. 0-0 0-0 6. b3 c5 7. cxd5 exd5 8. d4 Nc6 9. Nc3 Ne4 10. Bb2 Bf6 11. Na4 b5 12. Nxc5 Nxc5 13. Rc1 Nxb3 14. Qxb3 Na5 15. Qxb5 Be6 16. Bc3 Nc4 17. Ne5 Rb8 18. Qa4 Bxe5 19. dxe5 Qb6 20. Rfd1 Qb5 21. Qxb5 Rxb5 22. a4 Rb3 23. Bxd5 Bxd5 24. Rxd5 Nb6 25. Rd4 h5 26. a5 Nc8 27. Rd7 Re8 28. Bd4 Ne7 29. Rxa7 Nf5 30. e3 g5 31. h3 h4 32. gxh4 Nxh4 33. a6 Nf3+ 34. Kg2 Nxe5 35. Rb7 1-0

[Event "Dvorkovich Memorial op"]
[Site "Taganrog"]
[Date "2018.01.18"]
[Round "4"]
[White "Golubov, Saveliy"]
[Black "Rjabzev, Konstantin"]
[Result "1-0"]
[WhiteElo "2484"]
[BlackElo "2274"]
[PlyCount "57"]
[EventDate "2018.01.15"]
[EventType "swiss"]
[EventRounds "9"]
[EventCountry "RUS"]
[SourceTitle "CBM 182 Extra"]
[Source "ChessBase"]
[SourceDate "2018.02.23"]
[SourceVersion "1"]
[SourceVersionDate "2018.02.23"]
[SourceQuality "1"]

1. d4 d5 2. Nf3 Nf6 3. c4 e6 4. Nc3 Be7 5. Bf4 0-0 6. e3 Nbd7 7. a3 c5 8. cxd5 Nxd5 9. Nxd5 exd5 10. dxc5 Nxc5 11. Be5 Bg4 12. Be2 Bxf3 13. Bxf3 Bf6 14. Bxf6 Qxf6 15. Ra2 Rad8 16. b4 Ne4 17. Rc2 d4 18. Bxe4 dxe3 19. Qb1 exf2+ 20. Rxf2 Qc3+ 21. Kf1 Rfe8 22. g3 Rd2 23. Rxd2 Qxd2 24. Qd3 Qb2 25. Bf3 Rc8 26. Be2 Qf6+ 27. Kg2 Rc3 28. Qe4 g6 29. Rf1 1-0

[Event "Chigorin Memorial 25th"]
[Site "St Petersburg"]
[Date "2017.10.28"]
[Round "8"]
[White "Rjabzev, Konstantin"]
[Black "Makoveev, Ilya"]
[Result "1-0"]
[WhiteElo "2270"]
[BlackElo "2041"]
[PlyCount "156"]
[EventDate "2017.10.21"]
[EventType "swiss"]
[EventRounds "9"]
[EventCountry "RUS"]
[SourceTitle "CBM 181 Extra"]
[Source "ChessBase"]
[SourceDate "2017.12.12"]
[SourceVersion "1"]
[SourceVersionDate "2017.12.12"]
[SourceQuality "1"]

1. e4 c5 2. Nf3 d6 3. Bb5+ Nd7 4. 0-0 a6 5. Bd3 Ngf6 6. c3 Ne5 7. Nxe5 dxe5 8. Bc2 g6 9. d3 Bg7 10. Be3 Qc7 11. h3 Nh5 12. Nd2 0-0 13. a4 a5 14. Bb3 Nf4 15. Bxf4 exf4 16. Bc4 b6 17. Qb3 e6 18. Nf3 Bb7 19. Rfe1 Rfd8 20. Rac1 Rac8 21. Re2 h6 22. Rce1 Kh7 23. Qc2 Bc6 24. Nh2 Qd7 25. Ra1 Re8 26. Qb3 Rb8 27. Bb5 Bxb5 28. Qxb5 Qxb5 29. axb5 Red8 30. Rd2 Rb7 31. Kf1 Rbd7 32. Ke2 g5 33. Nf3 Kg6 34. Rad1 f5 35. exf5+ Kxf5 36. g4+ fxg3 37. fxg3 g4 38. hxg4+ Kxg4 39. Ke3 Kh5 40. Rh2+ Kg6 41. Rh4 Rd5 42. Re4 Kf7 43. g4 c4 44. Rxc4 Rxb5 45. Rd2 Rc5 46. Re4 Rcd5 47. d4 Rb5 48. Kd3 Bf6 49. Rf2 Ke7 50. Rfe2 Rd6 51. Rh2 Bg7 52. Nh4 Kf7 53. Rf2+ Ke8 54. Nf5 Rd7 55. Rxe6+ Kf7 56. Rfe2 h5 57. Nd6+ Rxd6 58. Rxd6 hxg4 59. d5 g3 60. Rd7+ Kf8 61. Ke4 a4 62. Rg2 Bh6 63. Ra7 Bc1 64. Rxa4 Rxb2 65. Rxg3 Re2+ 66. Kd3 Rd2+ 67. Ke4 Re2+ 68. Kf5 Ke7 69. Re4+ Rxe4 70. Kxe4 Ba3 71. Rg6 Bd6 72. Kd4 Kd7 73. Rg7+ Kd8 74. Kc4 Be5 75. Rb7 Bc7 76. Kb5 Kd7 77. Rxb6 Bxb6 78. Kxb6 Kd6 1-0

[Event "Voronezh op-A 21st"]
[Site "Voronezh"]
[Date "2017.06.20"]
[Round "8"]
[White "Rjabzev, Konstantin"]
[Black "Harutjunyan, Gevorg"]
[Result "0-1"]
[WhiteElo "2278"]
[BlackElo "2472"]
[PlyCount "56"]
[EventDate "2017.06.12"]
[EventType "swiss"]
[EventRounds "9"]
[EventCountry "RUS"]
[SourceTitle "EXT 2018"]
[Source "ChessBase"]
[SourceDate "2017.10.13"]
[SourceVersion "1"]
[SourceVersionDate "2017.10.13"]
[SourceQuality "1"]

1. e4 c6 2. d4 d5 3. exd5 cxd5 4. c4 Nf6 5. Nc3 Nc6 6. Nf3 Be6 7. Qb3 dxc4 8. Qxb7 Na5 9. Qb5+ Bd7 10. Qe5 e6 11. Qg3 Bc6 12. Be2 Rc8 13. 0-0 Bd6 14. Ne5 Rc7 15. Bf4 0-0 16. Rad1 Nd5 17. Nxd5 Bxd5 18. Ng6 Bxf4 19. Nxf4 Rd7 20. Nh5 g6 21. Rc1 Rb7 22. Rc3 Kh8 23. Nf4 Rxb2 24. Qg4 Qf6 25. Rh3 Nc6 26. Bf3 Nxd4 27. Nxd5 exd5 28. Bxd5 c3 0-1

[Event "Voronezh op-A 21st"]
[Site "Voronezh"]
[Date "2017.06.14"]
[Round "3"]
[White "Yeletsky, Ivan"]
[Black "Rjabzev, Konstantin"]
[Result "1-0"]
[WhiteElo "2415"]
[BlackElo "2278"]
[PlyCount "69"]
[EventDate "2017.06.12"]
[EventType "swiss"]
[EventRounds "9"]
[EventCountry "RUS"]
[SourceTitle "EXT 2018"]
[Source "ChessBase"]
[SourceDate "2017.10.13"]
[SourceVersion "1"]
[SourceVersionDate "2017.10.13"]
[SourceQuality "1"]

1. e4 e5 2. Nf3 d6 3. d4 exd4 4. Nxd4 Nf6 5. Nc3 Be7 6. Bf4 0-0 7. Qd2 d5 8. Ndb5 c6 9. Nc7 Bb4 10. f3 Nh5 11. Nxa8 Nxf4 12. Qxf4 Bd6 13. Qd2 d4 14. 0-0-0 c5 15. Nb5 Nc6 16. Bc4 Bb8 17. Bd5 Nb4 18. Nxd4 Qf6 19. Ne2 Be6 20. Kb1 Be5 21. f4 Bxd5 22. exd5 Bd6 23. a3 Na6 24. g3 Rxa8 25. Nc3 Nc7 26. Ne4 Qd8 27. Qe3 Nb5 28. f5 Qb6 29. Rd3 Nd4 30. Nxd6 Qxd6 31. Re1 h6 32. Qe5 Qd7 33. f6 Qa4 34. Rc3 b5 35. Re4 1-0

[Event "Dvorkovich Memorial op"]
[Site "Taganrog"]
[Date "2017.01.17"]
[Round "5"]
[White "Sukhareva, Evgenia"]
[Black "Rjabzev, Konstantin"]
[Result "1/2-1/2"]
[WhiteElo "2151"]
[BlackElo "2301"]
[PlyCount "100"]
[EventDate "2017.01.13"]
[EventType "swiss"]
[EventRounds "9"]
[EventCountry "RUS"]
[SourceTitle "CBM 176 Extra"]
[Source "ChessBase"]
[SourceDate "2017.03.02"]
[SourceVersion "1"]
[SourceVersionDate "2017.03.02"]
[SourceQuality "1"]

1. d4 d5 2. Nf3 Nf6 3. c4 e6 4. Bg5 Be7 5. e3 h6 6. Bh4 Ne4 7. Bxe7 Qxe7 8. Qc2 0-0 9. Nc3 Nxc3 10. Qxc3 dxc4 11. Bxc4 c5 12. dxc5 Qxc5 13. Rc1 Nc6 14. 0-0 Bd7 15. Qd2 Qe7 16. e4 Rfd8 17. Qe2 e5 18. h3 Be6 19. a3 Nd4 20. Nxd4 exd4 21. Bxe6 Qxe6 22. Qd3 Rac8 23. Rfd1 a6 24. Rc2 Rxc2 25. Qxc2 b5 26. Qd3 Qc6 27. Rd2 Qc1+ 28. Kh2 Qc4 29. Kg1 Kf8 30. Kh2 a5 31. b3 Qc5 32. g3 Kg8 33. Kg2 h5 34. h4 g6 35. Kh2 Kg7 36. Kg2 Kf8 37. Kh2 Ke7 38. Kg2 Qc3 39. Rd1 Qxd3 40. Rxd3 Ke6 41. f4 f5 42. Kf3 Rc8 43. Rxd4 Rc3+ 44. Kf2 Rxb3 45. a4 b4 46. Rd5 fxe4 47. Rxa5 e3+ 48. Ke2 Ra3 49. Rb5 Rxa4 50. Kxe3 Ra3+ 1/2-1/2

[Event "Dvorkovich Memorial op"]
[Site "Taganrog"]
[Date "2017.01.14"]
[Round "2"]
[White "Esipenko, Andrey"]
[Black "Rjabzev, Konstantin"]
[Result "1-0"]
[WhiteElo "2497"]
[BlackElo "2301"]
[PlyCount "120"]
[EventDate "2017.01.13"]
[EventType "swiss"]
[EventRounds "9"]
[EventCountry "RUS"]
[SourceTitle "CBM 176 Extra"]
[Source "ChessBase"]
[SourceDate "2017.03.02"]
[SourceVersion "1"]
[SourceVersionDate "2017.03.02"]
[SourceQuality "1"]

1. d4 d5 2. c4 e6 3. Nc3 Be7 4. cxd5 exd5 5. Bf4 c6 6. e3 Bd6 7. Bg3 Ne7 8. Nf3 0-0 9. Be2 Re8 10. Qc2 Bf5 11. Qb3 b6 12. Bh4 Nd7 13. Qa4 b5 14. Qd1 a5 15. 0-0 a4 16. Rc1 Qa5 17. Bd3 Bg6 18. Ne2 Rac8 19. Bxe7 Rxe7 20. Bxg6 hxg6 21. Qd3 Nf6 22. Rc2 Ne4 23. Rfc1 Qb6 24. Nc3 Rcc7 25. Qd1 Nxc3 26. Rxc3 b4 27. R3c2 b3 28. axb3 Qxb3 29. Nd2 Qb5 30. Qg4 Re8 31. Nf3 a3 32. bxa3 Bxa3 33. Rd1 Be7 34. Rcc1 c5 35. dxc5 Rxc5 36. Rb1 Qc6 37. Nd4 Qc7 38. g3 Bf6 39. Ne2 Rb8 40. Rxb8+ Qxb8 41. Nf4 Qb3 42. h4 Rc4 43. Kg2 d4 44. e4 Rc2 45. h5 Qe3 46. Nh3 gxh5 47. Qf5 Qc3 48. e5 Be7 49. Qxh5 Qc6+ 50. Kh2 Rc1 51. Rxc1 Qxc1 52. e6 fxe6 53. Qe8+ Bf8 54. Qxe6+ Kh8 55. Nf4 Qc5 56. Ng6+ Kh7 57. Nxf8+ Qxf8 58. Qe4+ g6 59. Qxd4 Qf7 60. Qe3 Qd7 1-0

[Event "Dvorkovich Memorial op"]
[Site "Taganrog"]
[Date "2017.01.13"]
[Round "1"]
[White "Rjabzev, Konstantin"]
[Black "Bezuglov, Nikolay"]
[Result "1-0"]
[WhiteElo "2301"]
[BlackElo "1746"]
[PlyCount "101"]
[EventDate "2017.01.13"]
[EventType "swiss"]
[EventRounds "9"]
[EventCountry "RUS"]
[SourceTitle "CBM 176 Extra"]
[Source "ChessBase"]
[SourceDate "2017.03.02"]
[SourceVersion "1"]
[SourceVersionDate "2017.03.02"]
[SourceQuality "1"]

1. e4 c5 2. Nf3 e6 3. g3 g6 4. Bg2 Bg7 5. 0-0 Nc6 6. Re1 d6 7. c3 Nf6 8. d4 cxd4 9. cxd4 0-0 10. Nc3 a6 11. h3 Qc7 12. Bg5 Bd7 13. Rc1 Rac8 14. d5 Ne5 15. Nxe5 dxe5 16. dxe6 fxe6 17. Qb3 Qb8 18. Rcd1 Rc7 19. Rd2 Qc8 20. Red1 h6 21. Be3 Re8 22. Bb6 Rc6 23. h4 Re7 24. Bh3 Qe8 25. a4 Kh7 26. a5 Qf7 27. Bd8 Rxc3 28. bxc3 Nxe4 29. Bxe7 Nxd2 30. Rxd2 Bc6 31. Bg2 Qxe7 32. Bxc6 bxc6 33. Qb4 c5 34. Qb6 e4 35. Qd6 Qf6 36. Qxc5 Qxc3 37. Qxc3 Bxc3 38. Rd7+ Kg8 39. Ra7 Bxa5 40. Rxa6 Bc3 41. Rxe6 Kf7 42. Rxe4 Kf6 43. Kg2 g5 44. Rc4 Bb2 45. Rc6+ Kg7 46. h5 Bd4 47. Rc7+ Kg8 48. Rd7 Bc5 49. f4 g4 50. Rc7 Be3 51. Rc6 1-0